01832 a2200265 45000010006000000050017000060080041000230030015000640400040000790800056001192450018001750200018001932500012002112640036002233000024002595051063002830410008013461000020013547000019013747000020013937000018014137000018014317000018014498560099014675305520260407155804.0260407a1993 arg spa dAR-UNSa-BCEJYS aAR-UNSa-BCEJYSbspacAR-UNSa-BCEJYS a519.2xProbabilidades y estadística matemática 10aEstadística a84-85855-68-X a2a. ed. 1aBarcelona :bAntoni Boschc1993 axvi, 623 p.c23 cm. a1. Experimetos controlados - 2. Estudios observacionales - 3. El histograma - 4. La media y la desviación estándar - 5. Aproximación normal de un conjunto de datos - 6. El error de medida - 7. Trazado de líneas y puntos - 8. Correlación - 9. Más sobre correlación - 10. Regresión - 11. El error cuadrático medio en el contexto de la regresión - 12. La línea de regresión - 13. ¿Cuál es la probabilidad? - 14. Más sobre probabilidad - 15. Los coeficientes binomiales - 16. La ley de promedios - 17. El valor esperado y el error estándar - 18. La aproximación normal de los histogramas de probabilidad - 19. Encuestas muestrales - 20. Errores aleatorios en el muestreo - 21. La precisión de los porcentajes - 22. Medición de la ocupación y del paro - 23. La precisión de las medias - 24. Un modelo de error de medida - 25. Modelos estocásticos en genética - 26. Contrastes de significación - 27. Más contrastes para medias - 28. El contraste - 29. Una mirada más afondo sobre los contrastes de significación aspa1 aFreedman, David1 aPisani, Robert1 aCoduras, Alicia1 aPurves, Roger1 aCuffí, Toni1 aAdhikari, Ani41uhttps://www.biblioeco.unsa.edu.ar/pmb/images/libros/L128407.jpgyImagen de portadaqimage/jpeg